| 000 | 00404nam a2200169Ia 4500 | ||
|---|---|---|---|
| 008 | 230917s9999||||xx |||||||||||||| ||und|| | ||
| 020 |
_c _ 18.95 |
||
| 040 |
_e5015284 _aMAIN |
||
| 041 | _aEnglish | ||
| 082 | _a380.5 L621T | ||
| 100 | _aLieb, Robert C | ||
| 245 | 0 | _aTransportation: the domestic system | |
| 250 | _a2nd ed. | ||
| 260 |
_aReston _bReston _c1981 |
||
| 300 | _axv, 400 p. | ||
| 942 | _cBK | ||
| 999 |
_c10704 _d10704 |
||